[Event "Elite Hotels Open 2015"]
[Site "Elite Stadshotellet, Vaxjo"]
[Date "2015.02.14"]
[Round "6.39"]
[White "Lindahl, Emil"]
[Black "Olsson, Tomas"]
[Result "1-0"]
[WhiteElo "2140"]
[BlackElo "1900"]
[EventDate "2015.02.13"]

1.d4 d5 2.c4 e6 3.Nc3 Nf6 4.cxd5 exd5 5.Bg5 c6 6.e3 Nbd7 7.Bd3 Be7 8.Qc2 
O-O 9.Nge2 Re8 10.O-O Nf8 11.Rab1 Ne4 12.Bxe7 Qxe7 13.Bxe4 dxe4 14.b4 Qh4 
15.Nf4 g5 16.g3 Qh6 17.Ng2 f5 18.f3 exf3 19.Rxf3 Ng6 20.b5 Ne7 21.Rf2 Qd6 
22.Qe2 Qe6 23.Qc2 Qd6 24.Rbf1 Be6 25.bxc6 bxc6 26.g4 Rf8 27.gxf5 Bxf5 28.
Rxf5 Nxf5 29.Rxf5 Rxf5 30.Qxf5 h6 31.Ne4 Qe7 32.Qg6+ Qg7 33.Qxc6 Rf8 34.
Qe6+ Kh7 35.Ne1 Rf7 36.Nd3 Qf8 37.Ne5 Rf1+ 38.Kg2 a5 39.d5 a4 40.d6 Rb1 
41.Qg6+ 1-0

[Event "Elite Hotels Open 2015"]
[Site "Elite Stadshotellet, Vaxjo"]
[Date "2015.02.14"]
[Round "6.40"]
[White "Andersson, Stefan 1975"]
[Black "Fransson, Patrick"]
[Result "0-1"]
[WhiteElo "1895"]
[BlackElo "2130"]
[EventDate "2015.02.13"]

1.e4 e6 2.d4 d5 3.Nc3 Bb4 4.e5 c5 5.a3 Bxc3+ 6.bxc3 Qc7 7.Qg4 f5 8.Qg3 
cxd4 9.cxd4 Ne7 10.Bd2 O-O 11.Bd3 Nbc6 12.Ne2 Bd7 13.c3 Na5 14.Rb1 b6 15.
Bg5 Rf7 16.O-O Rc8 17.Ba6 Rb8 18.Bd3 Nc4 19.Bxc4 Qxc4 20.Nf4 Qc6 21.Bxe7 
Rxe7 22.Rfe1 Be8 23.Re3 Rc8 24.h4 Rec7 25.h5 h6 26.Qh3 Rf7 27.Rg3 Rf8 28.
Qh4 Qd7 29.Rc1 Rc7 30.Rh3 Rc6 31.Qg3 Qe7 32.c4 dxc4 33.d5 exd5 34.Nxd5 Qe6
35.Rd1 Rc5 36.Nf6+ Kh8 37.Nxe8 Rxe8 38.f4 Rd5 39.Rc1 Rd3 40.Qh4 Qd5 41.
Rxd3 Qxd3 42.Qe1 b5 43.Rd1 Qxa3 44.Rd7 Qc5+ 45.Kh2 c3 46.Qg3 Rg8 47.Qg6 c2
48.Rxg7 Rxg7 49.Qxh6+ Kg8 50.Qe6+ Rf7 51.Qg6+ Kf8 52.e6 Rg7 53.Qf6+ Kg8 
54.h6 Qg1+ 55.Kxg1 c1=Q+ 56.Kh2 Qxf4+ 57.Kh1 Qf1+ 0-1

[Event "Elite Hotels Open 2015"]
[Site "Elite Stadshotellet, Vaxjo"]
[Date "2015.02.14"]
[Round "6.42"]
[White "Gromark, Per-Olof"]
[Black "Hagglund, Lars"]
[Result "1-0"]
[WhiteElo "2056"]
[BlackElo "1861"]
[EventDate "2015.02.13"]

1.Nf3 Nf6 2.c4 g6 3.b4 Bg7 4.Bb2 O-O 5.g3 c6 6.Bg2 Qb6 7.Qb3 Na6 8.a3 d5 
9.cxd5 cxd5 10.Bd4 Qc7 11.Nc3 Qc4 12.Qb2 Bg4 13.d3 Qc7 14.Nxd5 Qd6 15.
Nxf6+ exf6 16.O-O Rfe8 17.e3 Re7 18.Rac1 Rd8 19.Rfe1 b6 20.Nd2 Bf5 21.Ne4 
Bxe4 22.Bxe4 Re6 23.Rc6 Qd7 24.Rec1 b5 25.Rxe6 fxe6 26.Bxf6 Bxf6 27.Qxf6 
Rf8 28.Qe5 Qf7 29.f4 1-0

[Event "Elite Hotels Open 2015"]
[Site "Elite Stadshotellet, Vaxjo"]
[Date "2015.02.14"]
[Round "6.44"]
[White "Kalinin, Oleksandr"]
[Black "Ravik, Andreas"]
[Result "1-0"]
[WhiteElo "2050"]
[BlackElo "1841"]
[EventDate "2015.02.13"]

1.d4 Nf6 2.Nf3 e6 3.e3 d5 4.Bd3 Be7 5.O-O O-O 6.Ne5 c5 7.b3 Nbd7 8.Nd2 
Nxe5 9.dxe5 Nd7 10.f4 f5 11.Bb2 b6 12.c4 Bb7 13.cxd5 Bxd5 14.e4 fxe4 15.
Nxe4 g6 16.Qg4 Qe8 17.Nc3 Rd8 18.Nxd5 exd5 19.f5 c4 20.bxc4 Bc5+ 21.Kh1 
Nxe5 22.Bxe5 Qxe5 23.fxg6 h5 24.Qh4 Bf2 25.Qh3 Rf4 26.g3 Rf3 27.Rae1 Qg5 
28.Qe6+ Kg7 29.Re2 h4 30.Rexf2 hxg3 31.Rxf3 g2+ 32.Kg1 gxf1=Q+ 33.Kxf1 
Qc1+ 34.Kg2 Qg5+ 35.Kh1 1-0

[Event "Elite Hotels Open 2015"]
[Site "Elite Stadshotellet, Vaxjo"]
[Date "2015.02.14"]
[Round "6.45"]
[White "Bernhardsson, Sten"]
[Black "Wihlborn, Bengt"]
[Result "1-0"]
[WhiteElo "2035"]
[BlackElo "1860"]
[EventDate "2015.02.13"]

1.d4 Nf6 2.Nf3 e6 3.Bg5 Be7 4.e3 b6 5.Be2 Bb7 6.O-O O-O 7.c4 c5 8.Nc3 a6 
9.Rc1 d6 10.Qb3 Nbd7 11.Rfd1 Rb8 12.h3 cxd4 13.exd4 d5 14.Ne5 dxc4 15.Bxc4
Nd5 16.Bxe7 Qxe7 17.Bxd5 Nxe5 18.Bxb7 1-0

[Event "Elite Hotels Open 2015"]
[Site "Elite Stadshotellet, Vaxjo"]
[Date "2015.02.14"]
[Round "6.48"]
[White "Andersson, Sven-Olof"]
[Black "Hedstrom Crevatin, Leo"]
[Result "1/2-1/2"]
[WhiteElo "1999"]
[BlackElo "1546"]
[EventDate "2015.02.13"]

1.d4 d5 2.Nf3 e6 3.g3 c5 4.e3 Nc6 5.Bg2 Nf6 6.O-O a6 7.b3 Be7 8.Bb2 O-O 9.
Nbd2 cxd4 10.exd4 Re8 11.a3 b6 12.c4 Bb7 13.Ne5 Rc8 14.Rc1 Nxe5 15.dxe5 
Nd7 16.Qe2 Nf8 17.Rfd1 f6 18.Nf3 fxe5 19.Nxe5 Bf6 20.cxd5 Rxc1 21.Rxc1 
exd5 22.f4 Nd7 23.Re1 Nc5 1/2-1/2

[Event "Elite Hotels Open 2015"]
[Site "Elite Stadshotellet, Vaxjo"]
[Date "2015.02.14"]
[Round "6.50"]
[White "Knutsson, Hakan"]
[Black "Emmoth, Alfons"]
[Result "0-1"]
[WhiteElo "1987"]
[BlackElo "1714"]
[EventDate "2015.02.13"]

1.e4 e6 2.d4 d5 3.Nc3 Bb4 4.e5 c5 5.a3 Bxc3+ 6.bxc3 Ne7 7.Qg4 Qc7 8.Qxg7 
Rg8 9.Qxh7 cxd4 10.Ne2 Nbc6 11.f4 dxc3 12.Qd3 d4 13.Nxd4 Nxd4 14.Qxd4 Bd7 
15.Rb1 Nf5 16.Qf2 Qc6 17.Rg1 Qe4+ 18.Qe2 Qd4 19.Qf2 Qe4+ 20.Kd1 O-O-O 21.
Bd3 Ba4 22.Qc5+ Kb8 23.Be3 Qxd3+ 0-1

[Event "Elite Hotels Open 2015"]
[Site "Elite Stadshotellet, Vaxjo"]
[Date "2015.02.14"]
[Round "6.51"]
[White "Svensson, Anders 1971"]
[Black "Blazekovic, Nina"]
[Result "1-0"]
[WhiteElo "2131"]
[BlackElo "1885"]
[EventDate "2015.02.13"]

1.e4 c5 2.Nf3 d6 3.Bb5+ Bd7 4.Bxd7+ Qxd7 5.O-O Nc6 6.c3 Nf6 7.Re1 e5 8.d4 
cxd4 9.cxd4 Qc7 10.Nc3 Be7 11.Bg5 O-O 12.Bxf6 Bxf6 13.Nd5 Qd8 14.dxe5 Bxe5
15.Qd2 Rc8 16.Rac1 Bf6 17.b4 a6 18.a4 b5 19.a5 g6 20.Rc2 Bg7 21.Rec1 Qe8 
22.Rxc6 Rxc6 23.Rxc6 Qxe4 24.Rxa6 Rc8 25.h3 h5 26.Kh2 Bh8 27.Qg5 Kf8 28.
Rxd6 Re8 29.Rd8 Bg7 30.Nc7 f6 31.Rxe8+ Qxe8 32.Qc5+ Qe7 33.Ne6+ 1-0

[Event "Elite Hotels Open 2015"]
[Site "Elite Stadshotellet, Vaxjo"]
[Date "2015.02.14"]
[Round "6.52"]
[White "Westerlund, Ola"]
[Black "Lindborg, Patrik"]
[Result "0-1"]
[WhiteElo "1875"]
[BlackElo "2127"]
[EventDate "2015.02.13"]

1.d4 Nf6 2.c4 g6 3.Nf3 Bg7 4.g3 O-O 5.Bg2 d6 6.O-O c6 7.Nc3 Qa5 8.h3 Be6 
9.Qd3 Qa6 10.b3 d5 11.Ne5 dxc4 12.Nxc4 Rd8 13.Rd1 c5 14.Ne5 Rxd4 15.Qxa6 
Rxd1+ 16.Nxd1 Nxa6 17.Bxb7 Rd8 18.Nb2 Nb4 19.g4 h5 20.f3 Nxg4 21.hxg4 Bxe5
22.gxh5 gxh5 23.Be4 f5 24.a3 fxe4 25.axb4 exf3 26.exf3 cxb4 27.Kg2 Bxb2 
0-1

[Event "Elite Hotels Open 2015"]
[Site "Elite Stadshotellet, Vaxjo"]
[Date "2015.02.14"]
[Round "6.53"]
[White "Mattsson, Michael"]
[Black "Tillman, Jan-Olof"]
[Result "1-0"]
[WhiteElo "2076"]
[BlackElo "1856"]
[EventDate "2015.02.13"]

1.e4 c5 2.Nf3 e6 3.b3 Nc6 4.Bb2 d5 5.exd5 exd5 6.Bb5 Qe7+ 7.Qe2 Qxe2+ 8.
Kxe2 Bd7 9.Re1 O-O-O 10.Kf1 f6 11.a3 Nh6 12.d4 cxd4 13.Bxd4 Nxd4 14.Bxd7+ 
Rxd7 15.Re8+ Kc7 16.Nxd4 Rd8 17.Ne6+ Kd7 18.Rxd8+ 1-0

[Event "Elite Hotels Open 2015"]
[Site "Elite Stadshotellet, Vaxjo"]
[Date "2015.02.14"]
[Round "6.54"]
[White "Darnell, Anton"]
[Black "Thiborg, Jesper"]
[Result "1/2-1/2"]
[WhiteElo "1842"]
[BlackElo "2051"]
[EventDate "2015.02.13"]

1.d4 Nf6 2.Bg5 d5 3.e3 c6 4.Bd3 e6 5.Nd2 Be7 6.c3 Nbd7 7.f4 c5 8.Ngf3 c4 
9.Bc2 b5 10.O-O Qc7 11.Ne5 Bb7 12.a4 b4 13.Nxd7 Qxd7 14.Bxf6 gxf6 15.cxb4 
Bxb4 16.Nb1 f5 17.Nc3 h5 18.Rf3 h4 19.Rh3 O-O-O 20.Na2 Ba5 21.b4 cxb3 22.
Bxb3 Kb8 23.Rf3 Ka8 24.Rf2 Rb8 25.Rc2 Rhc8 26.Rac1 Rxc2 27.Rxc2 Rc8 28.Nc1
Ba6 29.Nd3 Bxd3 30.Qxd3 Rxc2 31.Qxc2 Kb7 32.Qb2 Kc7 33.Qc2+ Kd8 34.Qc5 Bb6
35.Qf8+ Qe8 36.Qd6+ Kc8 37.a5 Bc7 38.Qc5 a6 39.Kf2 Kb7 40.Ke2 Qb5+ 41.
Qxb5+ axb5 42.Kd3 Bxa5 43.Bd1 Kc7 44.Bh5 f6 45.Be8 b4 46.Ba4 Kd6 47.Bb3 
Ke7 48.Bd1 e5 49.Bb3 Ke6 50.g3 h3 51.Ke2 Bb6 52.Kd3 Kd6 53.Ba4 exd4 54.
exd4 b3 55.Bxb3 Ba5 56.Ba4 Be1 57.Bd1 Bf2 58.g4 Bg1 59.gxf5 1/2-1/2

[Event "Elite Hotels Open 2015"]
[Site "Elite Stadshotellet, Vaxjo"]
[Date "2015.02.14"]
[Round "6.55"]
[White "Jakenberg, Jussi"]
[Black "Fransson, Stefan"]
[Result "1-0"]
[WhiteElo "2019"]
[BlackElo "1875"]
[EventDate "2015.02.13"]

1.e4 c5 2.Nf3 g6 3.c3 Bg7 4.d4 cxd4 5.cxd4 d5 6.e5 Bg4 7.Bb5+ Nc6 8.Bxc6+ 
bxc6 9.Nbd2 e6 10.h3 Bxf3 11.Nxf3 Ne7 12.O-O O-O 13.b3 Qa5 14.Bd2 Qb6 15.
Rc1 Rfc8 16.Rc5 Bf8 17.b4 Nf5 18.g4 Ng7 19.Rc2 Qb5 20.a3 a5 21.bxa5 c5 22.
dxc5 Rxc5 23.Rxc5 Bxc5 24.Qb1 Qxb1 25.Rxb1 Bxa3 26.Rb7 h6 27.Bxh6 Bf8 28.
Bd2 Ne8 29.a6 f6 30.a7 fxe5 31.Rb8 Nc7 32.Bh6 Rxa7 33.Rxf8+ Kh7 34.Rf7+ 
Kg8 35.Rg7+ Kh8 36.Nxe5 1-0

[Event "Elite Hotels Open 2015"]
[Site "Elite Stadshotellet, Vaxjo"]
[Date "2015.02.14"]
[Round "6.56"]
[White "Isaxon, Alf"]
[Black "Johansson, Sven"]
[Result "1-0"]
[WhiteElo "2014"]
[BlackElo "1770"]
[EventDate "2015.02.13"]

1.e4 e6 2.d4 d5 3.Nc3 Bb4 4.exd5 exd5 5.Qf3 h6 6.Be3 Nf6 7.Bd3 O-O 8.h3 
Nc6 9.Ne2 Bxc3+ 10.Nxc3 Nb4 11.O-O-O Re8 12.g4 Nxd3+ 13.Rxd3 Ne4 14.h4 
Nxc3 15.Rxc3 Re4 16.g5 hxg5 17.hxg5 Bg4 18.Qg3 g6 19.f3 Rxe3 20.Rxe3 Bh5 
21.Qe5 Qd7 22.Rh4 Qb5 23.b3 a5 24.c4 Qb4 25.Qxd5 a4 26.Qc5 1-0

[Event "Elite Hotels Open 2015"]
[Site "Elite Stadshotellet, Vaxjo"]
[Date "2015.02.14"]
[Round "6.57"]
[White "Svensson, Hakan"]
[Black "Nilsson, Kristoffer"]
[Result "1-0"]
[WhiteElo "2011"]
[BlackElo "1822"]
[EventDate "2015.02.13"]

1.e4 c6 2.d4 d5 3.e5 c5 4.Nf3 Bg4 5.c4 Nc6 6.cxd5 Bxf3 7.gxf3 Qxd5 8.Nc3 
Qxd4 9.Be3 Qxe5 10.Qb3 O-O-O 11.Qxf7 g6 12.Bh3+ Kb8 13.O-O Bh6 14.f4 Qf6 
15.Qc4 Qh4 16.Bg2 Nf6 17.h3 e5 18.Qb3 e4 19.Na4 Bxf4 20.Nxc5 b6 21.Ne6 
Bxe3 22.Nxd8 Bxf2+ 23.Rxf2 Rxd8 24.Qe6 e3 25.Qxe3 Nb4 26.Qe5+ 1-0

[Event "Elite Hotels Open 2015"]
[Site "Elite Stadshotellet, Vaxjo"]
[Date "2015.02.14"]
[Round "6.58"]
[White "Subramanian, Aditya"]
[Black "Berg, Maria"]
[Result "1-0"]
[WhiteElo "1957"]
[BlackElo "1763"]
[EventDate "2015.02.13"]

1.d4 g6 2.c4 Bg7 3.Nc3 Nf6 4.e4 d6 5.f3 O-O 6.Be3 Nbd7 7.Nge2 b6 8.Qd2 c5 
9.d5 Ba6 10.Ng3 Ne5 11.b3 Rb8 12.Be2 Bc8 13.O-O a6 14.a4 Bd7 15.h3 Bc8 16.
Nh1 Ne8 17.f4 Nd7 18.f5 Nc7 19.Rac1 e6 20.dxe6 fxe6 21.fxg6 Rxf1+ 22.Bxf1 
hxg6 23.Qxd6 Be5 24.Qd2 Qf6 25.Nf2 Bd4 26.Ng4 Qg7 27.Kh1 Bb7 28.Bd3 Rf8 
29.Bh6 Bxc3 30.Rxc3 Qd4 31.Bxf8 Nxf8 32.Qe1 e5 33.Bb1 Nce6 34.Rd3 Qxe4 35.
Nf6+ 1-0

[Event "Elite Hotels Open 2015"]
[Site "Elite Stadshotellet, Vaxjo"]
[Date "2015.02.14"]
[Round "6.61"]
[White "Piechot, Steffen"]
[Black "Segerfelt, Louise"]
[Result "1-0"]
[WhiteElo "1945"]
[BlackElo "1753"]
[EventDate "2015.02.13"]

1.b3 e5 2.Bb2 Nc6 3.e3 d5 4.Bb5 Bd6 5.f4 Qh4+ 6.g3 Qe7 7.Nf3 Bg4 8.Bxc6+ 
bxc6 9.fxe5 Bxe5 10.Bxe5 Bxf3 11.Qxf3 Qxe5 12.O-O Nf6 13.Nc3 O-O 14.Qf4 
Rfe8 15.Qxe5 Rxe5 16.Rf4 Nd7 17.Raf1 f6 18.Ra4 Nb6 19.Ra5 d4 20.Rxe5 fxe5 
21.exd4 exd4 22.Ne2 Rd8 23.d3 c5 24.Rf5 Rd5 25.Rf4 Re5 26.Re4 Rxe4 27.dxe4
Kf7 28.Kf2 Kf6 29.Kf3 Ke5 30.Nf4 c4 31.h4 cxb3 32.axb3 a5 33.Nd3+ Ke6 34.
Kf4 Nd7 35.Nb2 Ne5 36.h5 g6 37.g4 gxh5 38.gxh5 h6 39.Nd3 Nd7 40.e5 c5 41.
Ke4 c4 42.Nf4+ Ke7 43.Kxd4 cxb3 44.cxb3 Nb6 45.Ke4 a4 46.bxa4 Nxa4 47.Kf5 
Nc5 48.Kg6 Kf8 49.Kxh6 Nd7 50.Ng6+ Kf7 51.Kg5 Nc5 52.Kf5 Ne6 53.Nf4 Ng7+ 
54.Ke4 Kg8 55.Kd5 Kh7 56.e6 Ne8 57.Kc6 Kg7 58.Kd7 Nf6+ 59.Kd8 Kg8 60.e7 
Kf7 61.Nd5 Ne8 62.Kd7 Ng7 63.h6 1-0

[Event "Elite Hotels Open 2015"]
[Site "Elite Stadshotellet, Vaxjo"]
[Date "2015.02.14"]
[Round "6.62"]
[White "Wester, Fredrik"]
[Black "Aira, Leonardo"]
[Result "1-0"]
[WhiteElo "1920"]
[BlackElo "1703"]
[EventDate "2015.02.13"]

1.e4 g6 2.Nf3 Bg7 3.d4 d6 4.Bc4 e6 5.Nc3 a6 6.Bg5 Ne7 7.Qd2 h6 8.Bf4 b5 9.
Bb3 Nd7 10.a3 Bb7 11.O-O Kf8 12.h4 Nf6 13.Rfe1 Kg8 14.Rad1 Kh7 15.Qe2 Rc8 
16.Bh2 Nd7 17.Qe3 Nf6 18.Bg3 Rb8 19.Ba2 Qd7 20.Qe2 Qd8 21.e5 Nfd5 22.Ne4 
Nf5 23.Bb1 Kg8 24.b3 Qe7 25.c4 bxc4 26.bxc4 Nxg3 27.fxg3 Nb6 28.c5 dxc5 
29.Nxc5 Nd5 30.Rc1 Bc6 31.Bd3 Bb5 32.a4 Bxd3 33.Qxd3 Nb4 34.Qc4 a5 35.Nb3 
Kh7 36.Nxa5 Ra8 37.Nb7 Rhb8 38.Nc5 Nd5 39.Rb1 Bf8 40.Rb5 c6 41.Rxb8 Rxb8 
42.Nd2 Qa7 43.Nde4 Rb4 44.Qd3 Bxc5 45.Nxc5 Qa5 46.Rf1 Kg7 47.Qf3 Qa7 48.
Qf2 Qe7 49.a5 Nc7 50.a6 Nb5 51.Ra1 Na7 52.Nb7 Rb6 53.d5 c5 54.d6 Qd7 55.
Qxc5 Nc8 56.Rc1 Rxa6 57.Qxc8 Qa4 58.Qc4 Qa3 59.Qc3 Qa4 60.Nc5 Qb5 61.Nxa6 
Qxa6 62.Kh2 g5 63.Qf3 gxh4 64.Qf6+ Kg8 65.gxh4 Qb7 66.Rc3 Kf8 67.Qh8# 1-0

[Event "Elite Hotels Open 2015"]
[Site "Elite Stadshotellet, Vaxjo"]
[Date "2015.02.14"]
[Round "6.63"]
[White "Helin, Mikael"]
[Black "Szumniak, Jedrzej"]
[Result "1-0"]
[WhiteElo "1915"]
[BlackElo "1675"]
[EventDate "2015.02.13"]

1.e4 c5 2.a3 e6 3.Nf3 Nc6 4.b4 cxb4 5.axb4 Bxb4 6.c3 Be7 7.d4 d5 8.e5 Bd7 
9.Bd3 a6 10.h4 h6 11.h5 b5 12.Nh4 Bxh4 13.Qg4 Bf6 14.f4 b4 15.Be3 bxc3 16.
Nxc3 Nb4 17.Bb1 Rc8 18.Bd2 a5 19.O-O Kf8 20.f5 Ne7 21.exf6 gxf6 22.fxe6 
Bxe6 23.Qe2 Nec6 24.Qf2 f5 25.Bxf5 Bxf5 26.Qxf5 Rc7 27.Qg6 Nxd4 28.Bxh6+ 
Rxh6 29.Qxh6+ Kg8 30.Rf6 Ne6 31.Raf1 Nd3 32.R1f3 Qd6 33.Rxd3 Qe5 34.Re3 
Qd4 35.Ne2 Qa1+ 36.Kh2 Qa4 37.Rg3+ 1-0

[Event "Elite Hotels Open 2015"]
[Site "Elite Stadshotellet, Vaxjo"]
[Date "2015.02.14"]
[Round "6.65"]
[White "Bragesjo, Tomas"]
[Black "Karlsson, Bengt-Ake"]
[Result "1-0"]
[WhiteElo "1900"]
[BlackElo "1566"]
[EventDate "2015.02.13"]

1.e4 e5 2.Nf3 Nc6 3.Bb5 a6 4.Bxc6 dxc6 5.O-O Bg4 6.h3 h5 7.d3 Bd6 8.Be3 
Bd7 9.Nbd2 f6 10.d4 exd4 11.Nxd4 Qe7 12.f4 O-O-O 13.Qe2 Bc5 14.N4b3 Bxe3+ 
15.Qxe3 Kb8 16.Rad1 Nh6 17.Qc3 Rhg8 18.Rde1 Nf7 19.Nf3 g5 20.e5 g4 21.exf6
gxf3 22.fxe7 Rxg2+ 1-0

[Event "Elite Hotels Open 2015"]
[Site "Elite Stadshotellet, Vaxjo"]
[Date "2015.02.14"]
[Round "6.66"]
[White "Garner, Marten"]
[Black "Torngren, Gustav"]
[Result "1-0"]
[WhiteElo "1893"]
[BlackElo "1356"]
[EventDate "2015.02.13"]

1.d4 d5 2.c4 c6 3.Nf3 e6 4.Nc3 Nf6 5.cxd5 cxd5 6.Bf4 Nc6 7.e3 Bb4 8.Bd3 h6
9.O-O Nh5 10.Be5 Nxe5 11.Nxe5 Nf6 12.Qa4+ Nd7 13.Nxd7 Bxd7 14.Qxb4 a5 15.
Qa3 Qb6 16.Na4 Qc6 17.b3 b5 18.Nc5 Bc8 19.Rac1 Qb6 20.Rc2 O-O 21.Be2 Re8 
22.Nd3 f6 23.Qc5 Qb8 24.Qc7 1-0

[Event "Elite Hotels Open 2015"]
[Site "Elite Stadshotellet, Vaxjo"]
[Date "2015.02.14"]
[Round "6.68"]
[White "Troberg Eskola, Love"]
[Black "Kristoffersson, Jimmy"]
[Result "1/2-1/2"]
[WhiteElo "1614"]
[BlackElo "2035"]
[EventDate "2015.02.13"]

1.e4 g6 2.d4 Bg7 3.Nc3 c6 4.Nf3 b5 5.a3 d6 6.Bd3 Nd7 7.O-O Bb7 8.Bg5 Qc7 
9.Qd2 Ngf6 10.Bh6 O-O 11.Bxg7 Kxg7 12.Rae1 e5 13.Ne2 a6 14.c3 c5 15.Ng3 h6
16.Bb1 Rae8 17.dxe5 dxe5 18.Rd1 Nb6 19.Qe2 Rd8 20.Bc2 c4 21.Rxd8 Rxd8 22.
Rd1 Rxd1+ 23.Qxd1 Nbd7 24.Nd2 Nc5 25.Qe2 Ne6 26.f3 Nd7 27.Ndf1 1/2-1/2

[Event "Elite Hotels Open 2015"]
[Site "Elite Stadshotellet, Vaxjo"]
[Date "2015.02.14"]
[Round "6.69"]
[White "Eriksson, Lennarth"]
[Black "Lundstrom, Johanna"]
[Result "1-0"]
[WhiteElo "2009"]
[BlackElo "1708"]
[EventDate "2015.02.13"]

1.c4 g6 2.Nc3 Bg7 3.g3 Nf6 4.Bg2 d6 5.Nf3 e5 6.d4 exd4 7.Nxd4 O-O 8.O-O c6
9.e4 Be6 10.Nxe6 fxe6 11.Bh3 e5 12.Be3 Qe7 13.b4 Rd8 14.Qb3 Kh8 15.Rfd1 
Na6 16.a3 Qf7 17.Qa2 Nc7 18.Rac1 h6 19.Rc2 Bf8 20.Rcd2 a5 21.Qb3 b5 22.Bf1
axb4 23.axb4 Ra6 24.h3 Rda8 25.f4 Ra3 26.Qb2 Nxe4 27.Nxe4 Rxe3 28.Bg2 bxc4
29.fxe5 Bg7 30.Rxd6 Nd5 31.Rf1 Qa7 32.Kh1 c3 33.Qc1 Qa3 34.Rd8+ Rxd8 35.
Qxa3 Bxe5 36.Qa4 Ne7 37.Qa7 Nf5 38.Rxf5 gxf5 39.Qxe3 Rd1+ 40.Kh2 c2 41.
Qxh6+ Kg8 42.Qe6+ 1-0

[Event "Elite Hotels Open 2015"]
[Site "Elite Stadshotellet, Vaxjo"]
[Date "2015.02.14"]
[Round "6.70"]
[White "Svensson, John 1997"]
[Black "Svensson, Bengt 1957"]
[Result "1-0"]
[WhiteElo "1749"]
[BlackElo "1903"]
[EventDate "2015.02.13"]

1.e4 e5 2.Nf3 Nc6 3.Bb5 f5 4.exf5 e4 5.Bxc6 dxc6 6.Ne5 Qd4 7.Qh5+ g6 8.
fxg6 Nf6 9.g7+ Nxh5 10.gxh8=Q Ng7 11.Qxh7 Bf5 12.Nxc6 Qf6 13.Qh8 Qxc6 14.
Nc3 O-O-O 15.Qh4 e3 16.fxe3 Qxg2 17.Rf1 Bxc2 18.Qg3 Qc6 19.b3 Nf5 20.Qg4 
Qd7 21.Ne2 Bd3 22.Rf3 Bxe2 23.Kxe2 Bg7 24.Qxf5 Bxa1 25.Qxd7+ Kxd7 26.d4 
Bc3 27.Kd3 Bb4 28.e4 Rh8 29.Bf4 c6 30.Bg3 Ke6 31.h4 Be7 32.Rf4 Rh5 33.Be1 
Rh7 34.Ke3 Rh6 35.Kf3 Rh8 36.Kg4 Rh7 37.Kh3 Rh8 38.Rf5 Rg8 39.Bf2 Rh8 40.
h5 Bf6 41.Kg4 Rg8+ 42.Kf3 Rh8 43.Kf4 Be7 44.d5+ cxd5 45.exd5+ Kd7 46.Bxa7 
Rh6 47.Bd4 Rh7 48.Ke4 Kd6 49.Be3 Bd8 50.h6 Re7+ 51.Kf3 Rh7 52.Rf8 Be7 53.
Rf5 Bd8 54.Bf4+ Kd7 55.Kg4 Be7 56.Kh5 Rh8 57.Rf7 Ke8 58.Kg6 Rg8+ 59.Rg7 
Rh8 60.h7 Rf8 61.Rg8 1-0

[Event "Elite Hotels Open 2015"]
[Site "Elite Stadshotellet, Vaxjo"]
[Date "2015.02.14"]
[Round "6.72"]
[White "Cramling Bellon, Anna"]
[Black "Sorensen, Hampus"]
[Result "1-0"]
[WhiteElo "1711"]
[BlackElo "1847"]
[EventDate "2015.02.13"]

1.d4 d5 2.c4 c6 3.Nc3 Nf6 4.Nf3 e6 5.Bg5 Nbd7 6.e3 Qa5 7.Nd2 Bb4 8.Qc2 Ne4
9.Ndxe4 dxe4 10.Bf4 O-O 11.Be2 f5 12.O-O Be7 13.h3 e5 14.Bh2 exd4 15.exd4 
Rd8 16.a3 Rf8 17.b4 Qd8 18.Rfd1 Bf6 19.Rac1 Qe7 20.c5 Bg5 21.Bc4+ Kh8 22.
Bd6 Qe8 23.Bxf8 Qxf8 24.Rb1 e3 25.d5 Ne5 26.Bb3 f4 27.f3 Bxh3 28.Ne4 Bf5 
29.d6 Qe8 30.Qe2 Qh5 31.Nxg5 Bxb1 32.Ne6 Bd3 33.Rxd3 Nxd3 34.Qxd3 Qh6 35.
Qe2 Qf6 36.d7 Qh4 37.d8=R+ Rxd8 38.Nxd8 Qxd8 39.Qd1 Qh4 40.Qe2 h6 41.Bc2 
a6 42.Bf5 Qf6 43.Bc8 Qa1+ 44.Kh2 Qxa3 45.Qd1 Qa2 46.Qd8+ Qg8 47.Qxg8+ Kxg8
48.Kg1 Kf7 49.Bxb7 Ke6 50.Bxc6 Ke5 51.Be4 Kd4 52.Kf1 Kc3 53.Ke2 Kxb4 54.c6
a5 55.c7 a4 56.c8=Q a3 57.Bd5 1-0

[Event "Elite Hotels Open 2015"]
[Site "Elite Stadshotellet, Vaxjo"]
[Date "2015.02.14"]
[Round "6.74"]
[White "Nilsson, Robin 1994"]
[Black "Ottosson, Bjorn"]
[Result "1/2-1/2"]
[WhiteElo "1812"]
[BlackElo "1674"]
[EventDate "2015.02.13"]

1.e4 c5 2.Nf3 Nc6 3.d4 cxd4 4.Nxd4 Nf6 5.Nc3 Qa5 6.Nb3 Qc7 7.Be3 e6 8.f3 
a6 9.Qd2 Ne5 10.h4 b5 11.Nd4 Nc4 12.Bxc4 bxc4 13.Nde2 Rb8 14.Rb1 Bb7 15.
Bf4 e5 16.Be3 Bc5 17.O-O O-O 18.Ng3 Bxe3+ 19.Qxe3 d5 20.exd5 Nxd5 21.Nxd5 
Bxd5 22.Ne4 f5 23.Qc5 Qb6 24.Qxb6 Rxb6 25.Nc3 Bb7 26.Rfe1 Rg6 27.Re3 f4 
28.Rxe5 Bxf3 29.Rg5 Rxg5 30.hxg5 Bb7 31.Rf1 Rf5 32.Ne2 f3 33.gxf3 Bxf3 34.
Kh2 Be4 35.Rxf5 Bxf5 36.Nd4 Be4 37.Kg3 h5 38.gxh6 gxh6 39.b3 cxb3 40.axb3 
Kf7 41.Kf4 Bg2 42.c4 Ke7 43.Nf5+ Kd7 44.Nxh6 Kc6 45.Nf5 Kc5 46.Ne3 Bc6 47.
Nc2 a5 48.Ke3 a4 49.bxa4 Kxc4 50.a5 Bb7 1/2-1/2

[Event "Elite Hotels Open 2015"]
[Site "Elite Stadshotellet, Vaxjo"]
[Date "2015.02.14"]
[Round "6.76"]
[White "Wallenas, Joakim"]
[Black "Gajic, Bozur"]
[Result "1-0"]
[WhiteElo "1992"]
[BlackElo "1690"]
[EventDate "2015.02.13"]

1.e4 c5 2.Nf3 e6 3.d4 cxd4 4.Nxd4 a6 5.Nc3 Qc7 6.Bd3 Nf6 7.O-O Nc6 8.Nb3 
Be7 9.Be3 b5 10.f4 d6 11.Kh1 O-O 12.f5 exf5 13.exf5 Ne5 14.Be4 Bb7 15.Nd5 
Bxd5 16.Bxd5 Nxd5 17.Qxd5 Qxc2 18.Bd4 Qc6 19.Qxc6 Nxc6 20.f6 gxf6 21.Bxf6 
Rfe8 22.Bc3 Ne5 23.Rad1 f6 24.Nd4 Kf7 25.Nf5 Rad8 26.h3 Bf8 27.g4 h6 28.
Ng3 Kg6 29.Ne4 Re6 30.Rf5 Be7 31.Rdf1 d5 32.Ng3 d4 33.Ba5 Rc8 34.Nh5 Rec6 
35.Nf4+ Kg7 36.Nd5 Kf7 37.Rxe5 Rc1 38.Rxe7+ Kg6 39.Ree1 Rxe1 40.Rxe1 Rc2 
41.Re2 Rc1+ 42.Kg2 Rc5 43.Nf4+ Kf7 44.Rd2 Rc4 45.Ne2 Ra4 46.b4 d3 47.Nd4 
Ra3 48.Nb3 Ke6 49.Kf3 Kd5 50.Rxd3+ Kc4 51.Rd2 Kc3 52.Re2 Kd3 53.Re3+ Kc2 
54.Nd4+ Kb2 55.Rxa3 Kxa3 56.Nf5 Kxa2 57.Nxh6 1-0

[Event "Elite Hotels Open 2015"]
[Site "Elite Stadshotellet, Vaxjo"]
[Date "2015.02.14"]
[Round "6.77"]
[White "Persson, Borje"]
[Black "Karlsson, Henrik 1974"]
[Result "1/2-1/2"]
[WhiteElo "1833"]
[BlackElo "1727"]
[EventDate "2015.02.13"]

1.e4 e6 2.d4 d5 3.Nc3 Nf6 4.Bg5 Be7 5.e5 Nfd7 6.Bxe7 Qxe7 7.f4 O-O 8.Nf3 
a6 9.Bd3 c5 10.Bxh7+ Kh8 11.Bd3 c4 12.Be2 f6 13.O-O b5 14.a3 f5 15.Ng5 g6 
16.Rf3 Kg7 17.Rh3 Rh8 18.Rxh8 Kxh8 19.h4 Nc6 20.h5 Ndxe5 21.dxe5 Nxe5 22.
fxe5 Qxg5 23.hxg6 Qe3+ 24.Kf1 Qxe5 25.Qd2 f4 26.Rd1 Bb7 27.Qd4 Qxd4 28.
Rxd4 e5 29.Rd1 d4 30.Bf3 Bxf3 31.gxf3 dxc3 32.bxc3 Kg7 33.Rd6 Re8 34.Rxa6 
e4 35.fxe4 Rxe4 36.Rb6 Re3 37.Rxb5 Kxg6 38.a4 Rxc3 39.Ke2 Rxc2+ 40.Kf3 Ra2
41.Kxf4 Rxa4 42.Ke4 Kf6 43.Kd4 Ke6 44.Rc5 Kd6 45.Rxc4 Rxc4+ 46.Kxc4 
1/2-1/2

[Event "Elite Hotels Open 2015"]
[Site "Elite Stadshotellet, Vaxjo"]
[Date "2015.02.14"]
[Round "6.79"]
[White "Anderson, Bertram"]
[Black "Kasselstrand, Erik"]
[Result "1-0"]
[WhiteElo "1789"]
[BlackElo "1685"]
[EventDate "2015.02.13"]

1.e4 c5 2.d4 cxd4 3.c3 dxc3 4.Nxc3 a6 5.Bc4 Qc7 6.Qe2 e6 7.Nf3 Nc6 8.O-O 
Nf6 9.e5 Ng4 10.Bf4 b5 11.Bb3 f6 12.Nd5 Qb8 13.h3 Ngxe5 14.Nxe5 Nxe5 15.
Qh5+ Kd8 16.Nc3 g6 17.Qe2 Bd6 18.Bh6 Rg8 19.Ne4 Be7 20.Bf4 Bb7 21.Rfd1 d5 
22.Rac1 g5 23.Nxg5 Rxg5 24.Bxg5 fxg5 25.Qh5 Qd6 26.Qxh7 Kd7 27.Rc3 g4 28.
h4 Rc8 29.Rg3 a5 30.Re1 a4 31.Bd1 Rc1 32.Qh6 Qb4 33.Rge3 Bd6 34.Qg7+ Kc8 
35.Rxe5 Qf4 36.Rxe6 Qh2+ 37.Kf1 Kb8 38.Qg8+ Ka7 39.Qxg4 b4 40.Qg7 Qxh4 41.
Rxd6 Qh1+ 42.Ke2 Qh5+ 43.Kd2 Rc4 44.Bxh5 1-0

[Event "Elite Hotels Open 2015"]
[Site "Elite Stadshotellet, Vaxjo"]
[Date "2015.02.14"]
[Round "6.80"]
[White "Ekberg, Karl"]
[Black "Andersson, Jan 1948"]
[Result "0-1"]
[WhiteElo "1573"]
[BlackElo "1769"]
[EventDate "2015.02.13"]

1.d4 Nf6 2.c4 e5 3.dxe5 Ng4 4.Bf4 g5 5.Bg3 Bg7 6.Nf3 Nc6 7.e3 Ngxe5 8.Nxe5
Nxe5 9.Nc3 d6 10.Be2 Be6 11.Qb3 O-O 12.O-O Qd7 13.Rac1 b6 14.Rfd1 Rad8 15.
Qb5 Qc8 16.b3 a6 17.Qa4 Rfe8 18.Qa3 g4 19.Bh4 Rd7 20.Ne4 f5 21.Nf6+ Bxf6 
22.Bxf6 Rf7 23.Bg5 Rg7 24.Bf4 Ng6 25.Bh6 Rf7 26.Qb2 Qb7 27.f3 Nh4 28.Kf2 
Bd7 29.Bg5 Ng6 30.f4 h5 31.h4 Bc6 32.Rg1 Qc8 33.Qd4 Nf8 34.b4 Ne6 35.Qd2 
a5 36.a3 Nxg5 37.hxg5 h4 38.Rge1 axb4 39.axb4 Be4 40.c5 bxc5 41.bxc5 d5 
42.Bd3 c6 43.Bxe4 Rxe4 44.Qd3 Rfe7 45.Re2 Qe8 46.Rce1 g3+ 47.Kf1 Qh5 48.
Rb1 h3 49.gxh3 Qxh3+ 50.Ke1 Qh1+ 51.Kd2 g2 52.Ree1 Qh4 53.Rb8+ Kf7 54.g6+ 
Ke6 55.Qe2 Qg3 56.Rg1 Ra4 57.Rb2 Qxg6 58.Rxg2 Qf6 59.Ke1 Ra1+ 60.Kf2 Qh4+ 
61.Rg3 Rg7 62.Qf3 Rxg3 0-1